Statistics for Plants Vs. Zombies Suburban Almanac

Click here to take the quiz!

General Stats

  • This quiz has been taken 111 times
    (108 since last reset)
  • The average score is 55 of 75

Answer Stats

Sun Cost/ ToughnessTypePlant/Zombie% Correct
100PlantPeashooter
98%
50PlantSunflower
98%
25PlantSun-Shroom
98%
50PlantWall-Nut
94%
150PlantChomper
92%
150PlantCherry Bomb
91%
25PlantPotato Mine
91%
175PlantSnow Pea
89%
75PlantFume-Shroom
88%
25PlantLily Pad
88%
0PlantPuff-Shroom
88%
200PlantRepeater
88%
125PlantDoom-Shroom
86%
75Plant Hypno-Shroom
83%
75PlantIce-Shroom
83%
0PlantSea-Shroom
82%
125PlantTall-Nut
82%
325PlantThreepeater
82%
100PlantCabbage-Pult
80%
125PlantJalapeno
80%
25PlantScaredy-Shroom
80%
50PlantSquash
80%
300PlantMelon-Pult
79%
LowZombieZombie
79%
ExtremeZombieDr. Zomboss
77%
MediumZombieConehead Zombie
76%
75PlantGrave Buster
76%
100PlantKernel-Pult
76%
100PlantMagnet-Shroom
76%
175PlantTorchwood
76%
HighZombieBuckethead Zombie
74%
500PlantCob Cannon
73%
25PlantFlower Pot
73%
Very HighZombieFootball Zombie
73%
125PlantPumpkin
73%
100PlantSpikeweed
73%
25PlantTangle Kelp
73%
200PlantWinter Melon
73%
125PlantCactus
71%
Extremely HighZombieGargantuar
71%
LowZombieImp
71%
25PlantPlantern
71%
100PlantUmbrella Leaf
71%
LowZombieScreen Door Zombie
70%
100PlantBlover
68%
125PlantStarfruit
68%
150PlantTwin Sunflower
68%
MediumZombieCatapult Zombie
67%
225PlantCattail
67%
LowZombieFlag Zombie
67%
250PlantGatling Pea
67%
MediumZombiePole Vaulting Zombie
67%
125PlantSpikerock
67%
125PlantSplit Pea
67%
Medium ZombieBungee Zombie
65%
MediumZombieDigger Zombie
65%
Medium ZombieDolphin Rider Zombie
65%
LowZombieNewspaper Zombie
65%
HighZombieZombie Yeti
65%
150PlantGloom-Shroom
64%
MediumZombieLadder Zombie
64%
50PlantMarigold
64%
75PlantCoffee Bean
62%
50PlantGarlic
62%
???PlantImitater
62%
HighZombieZomboni
62%
Medium ZombieDancing Zombie
61%
50PlantGold Magnet
59%
LowZombieBackup Dancer
58%
LowZombieBalloon Zombie
58%
MediumZombieJack-In-The-Box Zombie
58%
LowZombieSnorkel Zombie
56%
LowZombieZombie Bobsled Team
55%
MediumZombiePogo Zombie
52%
LowZombieDucky Tube Zombie
50%

Score Distribution

Percentile by Number Answered

Percent of People with Each Score

Your Score History

You have not taken this quiz since the last reset